[Event "BI-2010-F-00012"]
[Site "LSS email"]
[Date "2011.02.21"]
[Round "?"]
[White "Bastos, Marco"]
[Black "Yehuda, Ben"]
[Result "1-0"]
[WhiteElo "1591"]
[BlackElo "1591"]
[PlyCount "49"]
[EventDate "2011.02.24"]
[EventType "tourn (corr)"]
[EventRounds "10"]
[EventCountry "GER"]
[SourceTitle "Corr 2022"]
[Source "ChessBase"]
[SourceDate "2021.10.24"]
[SourceVersion "1"]
[SourceVersionDate "2021.10.24"]
[SourceQuality "1"]

1. e4 e5 2. Nf3 Nf6 3. Nxe5 d6 4. Nf3 Nxe4 5. d4 Be7 6. Bd3 d5 7. 0-0 0-0 8. c4 Nf6 9. Nc3 Nc6 10. h3 dxc4 11. Bxc4 Na5 12. Bd3 Be6 13. Re1 Nc6 14. a3 h6 15. Bf4 Re8 16. Bb5 a6 17. Bxc6 bxc6 18. Ne5 c5 19. Nc6 Qd7 20. Nxe7+ Qxe7 21. dxc5 Qxc5 22. Qf3 Bd5 23. b4 Rxe1+ 24. Rxe1 Bxf3 25. bxc5 1-0

[Event "BI-2010-F-00012"]
[Site "LSS email"]
[Date "2011.02.21"]
[Round "?"]
[White "Yehuda, Ben"]
[Black "Lanin, Boris Aleksandrovic"]
[Result "1-0"]
[WhiteElo "1685"]
[BlackElo "1898"]
[PlyCount "97"]
[EventDate "2011.02.24"]
[EventType "tourn (corr)"]
[EventRounds "10"]
[EventCountry "GER"]
[SourceTitle "Telechess CBM 151"]
[Source "ChessBase"]
[SourceDate "2012.11.13"]
[SourceVersion "1"]
[SourceVersionDate "2012.11.13"]
[SourceQuality "1"]

1. d4 Nf6 2. c4 c5 3. d5 b5 4. cxb5 a6 5. bxa6 g6 6. Nc3 Bxa6 7. Nf3 d6 8. e4 Bxf1 9. Kxf1 Bg7 10. g3 0-0 11. Kg2 Nbd7 12. a4 Ra6 13. Qe2 Qa8 14. Ra3 Ne8 15. Bg5 Nef6 16. Rha1 h6 17. Bxf6 Bxf6 18. a5 Bg7 19. Nd2 Rb8 20. Nc4 Rb4 21. Ra4 Qb7 22. R1a2 Kh7 23. Rxb4 cxb4 24. Na4 Qb5 25. b3 h5 26. f4 Bd4 27. Rc2 Nf6 28. Qd3 Ba7 29. Rd2 Ng4 30. h3 Nh6 31. Ne5 Qxd3 32. Nxd3 Rxa5 33. Nxb4 Rb5 34. Nc6 Rb7 35. b4 Ng8 36. Nb2 h4 37. gxh4 Be3 38. Re2 Bb6 39. Nc4 Nf6 40. Kf3 Bc7 41. Ra2 e6 42. dxe6 fxe6 43. e5 dxe5 44. fxe5 Nd5 45. Nd6 Rb6 46. b5 Kh6 47. Ra8 Kh7 48. Re8 Kh6 49. Rxe6 1-0

[Event "BI-2010-F-00012"]
[Site "LSS email"]
[Date "2011.02.21"]
[Round "?"]
[White "Yehuda, Ben"]
[Black "Sheers, Matthew Philip"]
[Result "1-0"]
[WhiteElo "1685"]
[BlackElo "1759"]
[PlyCount "101"]
[EventDate "2011.02.24"]
[EventType "tourn (corr)"]
[EventRounds "10"]
[EventCountry "GER"]
[SourceTitle "Telechess CBM 151"]
[Source "ChessBase"]
[SourceDate "2012.11.13"]
[SourceVersion "1"]
[SourceVersionDate "2012.11.13"]
[SourceQuality "1"]

1. d4 d5 2. c4 dxc4 3. Nc3 a6 4. e3 b5 5. a4 b4 6. Bxc4 Bb7 7. Nf3 e6 8. Ne2 Nd7 9. 0-0 c5 10. b3 Bxf3 11. gxf3 Qh4 12. Ng3 Ngf6 13. Bb2 cxd4 14. Qxd4 Qxd4 15. Bxd4 Bc5 16. Bb2 Bd6 17. f4 Ke7 18. Rfd1 h6 19. Rd2 Nc5 20. Rad1 Rhd8 21. Kg2 Rac8 22. Rc1 a5 23. Rdc2 Ncd7 24. h4 Rg8 25. h5 g6 26. hxg6 Rxg6 27. Kf3 Nd5 28. Bxd5 Rxc2 29. Rxc2 exd5 30. Nf5+ Kd8 31. Rd2 Nb6 32. Bd4 Nc8 33. Rc2 Kd7 34. Nxd6 Nxd6 35. Rc5 Ke6 36. Rxa5 Rg8 37. Bc5 Ne4 38. Bxb4 Rb8 39. Rb5 Rxb5 40. axb5 Kd7 41. Kg2 Nf6 42. f3 Ne8 43. Bc5 Nc7 44. b6 Ne6 45. b4 Ng7 46. e4 Kc8 47. exd5 Nh5 48. Be3 Nf6 49. d6 Nd5 50. Bc5 Nxf4+ 51. Kg3 1-0

[Event "BI-2010-F-00012"]
[Site "LSS email"]
[Date "2011.02.21"]
[Round "?"]
[White "Ziljbershtejn, Dmitrij"]
[Black "Yehuda, Ben"]
[Result "1-0"]
[WhiteElo "1779"]
[BlackElo "1685"]
[PlyCount "57"]
[EventDate "2011.02.24"]
[EventType "tourn (corr)"]
[EventRounds "10"]
[EventCountry "GER"]
[SourceTitle "Telechess CBM 151"]
[Source "ChessBase"]
[SourceDate "2012.11.13"]
[SourceVersion "1"]
[SourceVersionDate "2012.11.13"]
[SourceQuality "1"]

1. d4 Nf6 2. c4 e6 3. Nf3 Bb4+ 4. Nbd2 0-0 5. a3 Be7 6. e4 d6 7. Be2 c5 8. d5 Nbd7 9. 0-0 h6 10. Qc2 b6 11. h3 Bb7 12. Rd1 Re8 13. Nb1 exd5 14. exd5 b5 15. Qb3 Rb8 16. cxb5 Bf8 17. Nc3 Nb6 18. Be3 Rxe3 19. fxe3 Qe7 20. e4 Nxe4 21. Bc4 Nxc3 22. Qxc3 Qe4 23. Nd2 Qh4 24. Qd3 g6 25. b3 Nxc4 26. bxc4 a6 27. a4 axb5 28. axb5 Bg7 29. Ra7 1-0

[Event "LSS RD-2010-0-00035"]
[Site "LSS email"]
[Date "2010.09.06"]
[Round "?"]
[White "Acess, Mandro"]
[Black "Yehuda, Ben"]
[Result "0-1"]
[WhiteElo "1412"]
[BlackElo "1529"]
[PlyCount "38"]
[EventDate "2010.05.20"]
[EventType "tourn (corr)"]
[EventRounds "6"]
[EventCountry "GER"]
[SourceTitle "Telechess CBM 141"]
[Source "ChessBase"]
[SourceDate "2011.03.17"]
[SourceVersion "1"]
[SourceVersionDate "2011.03.17"]
[SourceQuality "1"]

1. e4 e5 2. Nf3 Nf6 3. Nxe5 d6 4. Nxf7 Kxf7 5. d4 Bg4 6. f3 Be6 7. Nc3 Kg8 8. Be3 c6 9. Be2 Nbd7 10. 0-0 h5 11. h3 Bf7 12. Re1 Qa5 13. Qd3 Re8 14. a3 Qc7 15. f4 c5 16. Bf3 a6 17. a4 cxd4 18. Bxd4 Qa5 19. Qd2 h4 0-1

[Event "LSS No Engine Cup 15 Final"]
[Site "LSS email"]
[Date "2010.09.06"]
[Round "?"]
[White "Yehuda, Ben"]
[Black "Salazar Moran, Alejandro Fortunato"]
[Result "1-0"]
[WhiteElo "1548"]
[BlackElo "1693"]
[PlyCount "67"]
[EventDate "2010.09.07"]
[EventType "tourn (corr)"]
[EventRounds "6"]
[EventCountry "GER"]
[SourceTitle "Telechess CBM 143"]
[Source "ChessBase"]
[SourceDate "2011.07.15"]
[SourceVersion "1"]
[SourceVersionDate "2011.07.15"]
[SourceQuality "1"]

1. d4 Nf6 2. c4 e5 3. dxe5 Ng4 4. e3 d6 5. Nc3 Nc6 6. exd6 Bxd6 7. Be2 h5 8. Nf3 Be6 9. 0-0 0-0 10. Qb3 Rb8 11. h3 Re8 12. hxg4 hxg4 13. Nh2 Qh4 14. f4 Bf5 15. c5 Bxc5 16. Qd5 Bxe3+ 17. Bxe3 Rxe3 18. Qxf5 Nd4 19. Qxg4 Nxe2+ 20. Nxe2 Qxg4 21. Nxg4 Rxe2 22. Rf2 Rbe8 23. Rd1 R2e7 24. Rfd2 Re4 25. g3 c6 26. Ne5 g5 27. Rd8 Kf8 28. R1d7 Rxd8 29. Rxd8+ Ke7 30. Rd7+ Ke6 31. Rxb7 gxf4 32. gxf4 Rxf4 33. Nxc6 a6 34. Rb6 1-0

[Event "LSS BI-2010-P-00029"]
[Site "LSS email"]
[Date "2010.04.19"]
[Round "?"]
[White "Ermolaev, Andrey Stanislavovi"]
[Black "Yehuda, Ben"]
[Result "1-0"]
[WhiteElo "2397"]
[BlackElo "1512"]
[PlyCount "69"]
[EventDate "2010.04.22"]
[EventType "tourn (corr)"]
[EventRounds "10"]
[EventCountry "GER"]
[SourceTitle "Telechess CBM 141"]
[Source "ChessBase"]
[SourceDate "2011.03.17"]
[SourceVersion "1"]
[SourceVersionDate "2011.03.17"]
[SourceQuality "1"]

1. Nf3 Nf6 2. d4 d5 3. e3 e6 4. Bd3 c5 5. c4 dxc4 6. Bxc4 cxd4 7. exd4 Nc6 8. 0-0 Bd6 9. Nc3 0-0 10. Qe2 Bd7 11. Bg5 h6 12. Bh4 Rc8 13. Rad1 Be7 14. Rfe1 a6 15. a3 Nd5 16. Bxd5 Bxh4 17. Be4 Bf6 18. d5 exd5 19. Nxd5 Be6 20. Nf4 Qb6 21. Bb1 Nd4 22. Nxd4 Bxd4 23. Rd2 Rfd8 24. Nxe6 fxe6 25. Ba2 Re8 26. g3 Rc6 27. Qg4 Bxb2 28. Qg6 Kf8 29. Rd7 Re7 30. Bxe6 Qa5 31. Re3 Rxd7 32. Rf3+ Bf6 33. Bxd7 Rc1+ 34. Kg2 Qe5 35. Rxf6+ 1-0

[Event "LSS BI-2010-P-00029"]
[Site "LSS email"]
[Date "2010.04.19"]
[Round "?"]
[White "Szoller, Terez"]
[Black "Yehuda, Ben"]
[Result "1/2-1/2"]
[WhiteElo "1773"]
[BlackElo "1612"]
[PlyCount "62"]
[EventDate "2010.04.22"]
[EventType "tourn (corr)"]
[EventRounds "10"]
[EventCountry "GER"]
[SourceTitle "Telechess CBM 145"]
[Source "Chessbase"]
[SourceDate "2011.11.11"]
[SourceVersion "1"]
[SourceVersionDate "2011.11.11"]
[SourceQuality "1"]

1. e4 e5 2. Nf3 Nf6 3. Nxe5 d6 4. Nf3 Nxe4 5. d4 d5 6. Bd3 Nc6 7. 0-0 Be7 8. c4 Nb4 9. Be2 0-0 10. Nc3 Be6 11. cxd5 Nxc3 12. bxc3 Nxd5 13. Bd2 Nf6 14. Re1 c5 15. Qb1 Bd5 16. Bd1 Bd6 17. Ne5 Re8 18. f4 Qb6 19. Qd3 c4 20. Qe3 Qb2 21. Ba4 Re7 22. Reb1 Qa3 23. Bd1 Ne4 24. Bf3 Nxd2 25. Qxd2 Qa5 26. Re1 Rae8 27. Kf2 Bxf3 28. Nxf3 Rxe1 29. Rxe1 Rxe1 30. Nxe1 b5 31. Nf3 Qa3 1/2-1/2

[Event "LSS BI-2010-P-00029"]
[Site "LSS email"]
[Date "2010.04.19"]
[Round "?"]
[White "Yehuda, Ben"]
[Black "Reede, Arvo"]
[Result "1-0"]
[WhiteElo "1452"]
[BlackElo "946"]
[PlyCount "65"]
[EventDate "2010.04.22"]
[EventType "tourn (corr)"]
[EventRounds "10"]
[EventCountry "GER"]
[SourceTitle "Telechess CBM 141"]
[Source "ChessBase"]
[SourceDate "2011.03.17"]
[SourceVersion "1"]
[SourceVersionDate "2011.03.17"]
[SourceQuality "1"]

1. e4 c5 2. Nf3 Nc6 3. d4 cxd4 4. Nxd4 a6 5. Nc3 Nf6 6. Nxc6 bxc6 7. e5 Ng8 8. Bf4 g5 9. Bxg5 Bg7 10. Bf4 e6 11. Ne4 Qa5+ 12. Qd2 Qxd2+ 13. Kxd2 f5 14. Nd6+ Kf8 15. Re1 Nh6 16. Nxc8 Rxc8 17. Bxa6 Ra8 18. Bc4 Ng4 19. f3 Nh6 20. Be3 Ke8 21. c3 Nf7 22. f4 Nd8 23. Kc2 Nb7 24. b4 Ke7 25. Rd1 Rhd8 26. Bb6 Rdb8 27. Rd3 Nd8 28. Rhd1 Rb7 29. Bc5+ Ke8 30. Bb3 Nf7 31. Rg3 d5 32. Rxg7 h5 33. Rg8+ 1-0

[Event "OP-2010-0-01130"]
[Site "LSS email"]
[Date "2010.04.08"]
[Round "?"]
[White "Madrid, Leon"]
[Black "Yehuda, Ben"]
[Result "0-1"]
[WhiteElo "800"]
[BlackElo "1432"]
[PlyCount "44"]
[EventDate "2010.04.02"]
[EventType "tourn (corr)"]
[EventRounds "4"]
[EventCountry "GER"]
[SourceTitle "Corr 2013"]
[Source "ChessBase"]
[SourceDate "2012.11.12"]
[SourceVersion "1"]
[SourceVersionDate "2012.11.12"]
[SourceQuality "1"]

1. e4 e5 2. Nf3 Nf6 3. d4 Nxe4 4. Bd3 d5 5. dxe5 Nc6 6. 0-0 Be7 7. Re1 Bg4 8. h3 Bc5 9. Bxe4 dxe4 10. Qxd8+ Rxd8 11. Ng5 Nd4 12. Nxe4 Nxc2 13. Nxc5 Nxe1 14. Na3 Rd1 15. Kh2 Be2 16. Rb1 b6 17. Bd2 Rxd2 18. Rxe1 bxc5 19. Nb1 Rxb2 20. Nc3 Bd3 21. e6 Rxf2 22. Nb5 Bxb5 0-1

[Event "LSS RE-2010-0-00037"]
[Site "LSS email"]
[Date "2010.03.11"]
[Round "?"]
[White "Yehuda, Ben"]
[Black "Molano Lafuente, Ismael"]
[Result "1-0"]
[WhiteElo "1404"]
[BlackElo "1307"]
[PlyCount "41"]
[EventDate "2010.01.03"]
[EventType "tourn (corr)"]
[EventRounds "6"]
[EventCountry "GER"]
[SourceTitle "Corr 2013"]
[Source "ChessBase"]
[SourceDate "2012.11.12"]
[SourceVersion "1"]
[SourceVersionDate "2012.11.12"]
[SourceQuality "1"]

1. d4 d5 2. c4 Nc6 3. Nc3 Nf6 4. Bg5 Ne4 5. e3 g6 6. cxd5 Nxc3 7. bxc3 Qxd5 8. Nf3 Bg4 9. Bh4 g5 10. Bg3 0-0-0 11. Be2 e5 12. 0-0 exd4 13. cxd4 Bd6 14. Bxd6 Rxd6 15. Qd2 Re8 16. Rfb1 a6 17. Rc1 f6 18. Qb2 Bf5 19. Rc5 Qe6 20. Nd2 Re7 21. h3 1-0

[Event "LSS No Engine Cup 16 Preliminary 3"]
[Site "LSS email"]
[Date "2010.02.07"]
[Round "?"]
[White "Yehuda, Ben"]
[Black "Tuncil, Veysel"]
[Result "1-0"]
[WhiteElo "1607"]
[BlackElo "874"]
[PlyCount "23"]
[EventDate "2010.02.08"]
[EventType "tourn (corr)"]
[EventRounds "6"]
[EventCountry "GER"]
[SourceTitle "Corr 2015"]
[Source "ChessBase"]
[SourceDate "2015.07.17"]
[SourceVersion "1"]
[SourceVersionDate "2015.07.17"]
[SourceQuality "1"]

1. e4 e5 2. Nf3 Nc6 3. Bc4 Nf6 4. Nc3 Bb4 5. 0-0 0-0 6. Nd5 d6 7. c3 Bc5 8. d4 exd4 9. cxd4 Bb6 10. Bg5 Bg4 11. Nxf6+ gxf6 12. Bh6 1-0

[Event "LSS No Engine Cup 15 Preliminary 7"]
[Site "LSS email"]
[Date "2010.01.24"]
[Round "?"]
[White "Yehuda, Ben"]
[Black "Gasanov, Engels G"]
[Result "1-0"]
[WhiteElo "1333"]
[BlackElo "1749"]
[PlyCount "59"]
[EventDate "2010.01.25"]
[EventType "tourn (corr)"]
[EventRounds "6"]
[EventCountry "GER"]
[SourceTitle "Corr 2013"]
[Source "ChessBase"]
[SourceDate "2012.11.12"]
[SourceVersion "1"]
[SourceVersionDate "2012.11.12"]
[SourceQuality "1"]

1. e4 c5 2. Nf3 Nc6 3. d4 cxd4 4. Nxd4 e5 5. Nb5 a6 6. Nd6+ Bxd6 7. Qxd6 Qf6 8. Qc7 Nge7 9. Nc3 Nb4 10. Bd3 d5 11. f4 d4 12. fxe5 Qc6 13. Qxc6+ Nexc6 14. Nd5 Nxd5 15. exd5 Nxe5 16. Bf4 Nxd3+ 17. cxd3 b5 18. Rc1 Bb7 19. d6 0-0 20. 0-0 Bd5 21. b3 Rac8 22. d7 Rxc1 23. Rxc1 Be6 24. Bd6 Ra8 25. Rc7 f6 26. Be7 Bxd7 27. Rxd7 Kf7 28. Bc5+ Kg6 29. Rxd4 Rc8 30. b4 1-0

[Event "LSS No Engine Cup 15 Preliminary 7"]
[Site "LSS email"]
[Date "2010.01.24"]
[Round "?"]
[White "Yehuda, Ben"]
[Black "Senis, Enrico"]
[Result "1-0"]
[WhiteElo "1291"]
[BlackElo "1389"]
[PlyCount "23"]
[EventDate "2010.01.25"]
[EventType "tourn (corr)"]
[EventRounds "6"]
[EventCountry "GER"]
[SourceTitle "Corr 2013"]
[Source "ChessBase"]
[SourceDate "2012.11.12"]
[SourceVersion "1"]
[SourceVersionDate "2012.11.12"]
[SourceQuality "1"]

1. e4 e5 2. Nf3 Nf6 3. Nc3 Nc6 4. Bc4 Bc5 5. d3 d6 6. 0-0 Bg4 7. h3 Bh5 8. Be3 Bb6 9. Nd5 Nxd5 10. Bxd5 Qd7 11. Bd2 Bxf3 12. Qxf3 1-0

[Event "LSS RE-2009-0-00034"]
[Site "LSS email"]
[Date "2010.01.13"]
[Round "?"]
[White "Evans, Stanley W"]
[Black "Yehuda, Ben"]
[Result "0-1"]
[WhiteElo "1269"]
[BlackElo "1343"]
[PlyCount "54"]
[EventDate "2009.11.12"]
[EventType "tourn (corr)"]
[EventRounds "6"]
[EventCountry "GER"]
[SourceTitle "Corr 2013"]
[Source "ChessBase"]
[SourceDate "2012.11.12"]
[SourceVersion "1"]
[SourceVersionDate "2012.11.12"]
[SourceQuality "1"]

1. e4 e5 2. Bc4 Nf6 3. d3 c6 4. Nf3 d5 5. exd5 cxd5 6. Bb5+ Bd7 7. Bxd7+ Nbxd7 8. Bg5 Qb6 9. Qc1 e4 10. Be3 Bc5 11. dxe4 dxe4 12. Bxc5 Nxc5 13. Ng5 Na4 14. b3 Qa5+ 15. Qd2 Qe5 16. c3 Nc5 17. 0-0 0-0 18. Rd1 h6 19. Nh3 Rad8 20. Qe2 Rxd1+ 21. Qxd1 Nd3 22. Qe2 Nd5 23. a4 Re8 24. Na3 Qxc3 25. Rb1 e3 26. f3 Qd2 27. Kf1 Nc3 0-1

[Event "LSS SE-2009-0-00034"]
[Site "LSS email"]
[Date "2009.12.10"]
[Round "?"]
[White "Babos, Istvan"]
[Black "Yehuda, Ben"]
[Result "0-1"]
[WhiteElo "1064"]
[BlackElo "1274"]
[PlyCount "46"]
[EventDate "2009.09.30"]
[EventType "tourn (corr)"]
[EventRounds "6"]
[EventCountry "GER"]
[SourceTitle "Telechess CBM 137"]
[Source "ChessBase"]
[SourceDate "2010.07.15"]
[SourceVersion "1"]
[SourceVersionDate "2010.07.15"]
[SourceQuality "1"]

1. d4 d5 2. e3 Nf6 3. Nf3 e6 4. Bb5+ Bd7 5. Bxd7+ Nbxd7 6. 0-0 c5 7. dxc5 Bxc5 8. Bd2 0-0 9. Re1 Rc8 10. c3 Bd6 11. b3 Ne4 12. Qc2 Qf6 13. Bc1 Qh6 14. g3 f5 15. Nbd2 Rxc3 16. Qb2 Rfc8 17. Nxe4 fxe4 18. Nh4 Rc2 19. Qd4 Be5 20. Qxa7 Bxa1 21. Qxb7 Rxc1 22. Rxc1 Rxc1+ 23. Kg2 Nf8 0-1

[Event "LSS SE-2009-0-00034"]
[Site "LSS email"]
[Date "2009.12.10"]
[Round "?"]
[White "Oezoguz, Hueseyin"]
[Black "Yehuda, Ben"]
[Result "0-1"]
[WhiteElo "1382"]
[BlackElo "1270"]
[PlyCount "34"]
[EventDate "2009.09.30"]
[EventType "tourn (corr)"]
[EventRounds "6"]
[EventCountry "GER"]
[SourceTitle "Corr 2022"]
[Source "ChessBase"]
[SourceDate "2021.10.24"]
[SourceVersion "1"]
[SourceVersionDate "2021.10.24"]
[SourceQuality "1"]

1. e4 e5 2. Nf3 Nf6 3. Nxe5 d6 4. Nf3 Nxe4 5. d4 d5 6. Bd3 Nc6 7. 0-0 Be7 8. c4 0-0 9. Nc3 Nf6 10. h3 Be6 11. c5 Nb4 12. Bb1 b6 13. a3 Nc6 14. b4 bxc5 15. bxc5 Qd7 16. Re1 Rab8 17. Bc2 Rfe8 0-1